| 000 | 00618nam a22001935i 4500 | ||
|---|---|---|---|
| 001 | 102863 | ||
| 003 | ES-MaACL | ||
| 005 | 20230906183213.0 | ||
| 007 | t| | ||
| 008 | 950928s1880 fr ||||1| fre d | ||
| 040 |
_aCAM _bspa _cCAM |
||
| 100 | 1 |
_aEsquilo. _947970 |
|
| 245 | 1 | 0 |
_aThéatre d'Eschyle / _ctraduction française de F.J.G. de la Porte du Theil; avec une introduction par Louis Humbert. |
| 260 |
_aParis : _bGarnier fréres, _c[1880] |
||
| 300 |
_aLXI,[4], 325, [1] p. ; _c19 cm. |
||
| 700 | 1 |
_aLa Porte du Theil, Gabriel de. _969174 |
|
| 700 | 1 |
_aHumbert, Louis. _964708 |
|
| 852 |
_aES-MaACL _jD-1034 |
||
| 999 |
_c102863 _d102863 |
||